Руководство по обработке метеорологических наблюдений и подготовке ежегодников. Ч. 2: Наблюдения над температурой почвы, продолжительностью солнечного сияния и над осадками по самописцам-дождемерам (Запись № 13621030)

Подробности
000 -МАРКЕР
контрольное поле 01922nam2a2200301 4500
001 - ИДЕНТИФИКАТОР ЗАПИСИ
контрольное поле rc\3031279
005 - ИДЕНТИФИКАТОР ВЕРСИИ
контрольное поле 20260315065116.0
035 ## - ДРУГИЕ СИСТЕМНЫЕ НОМЕРА
Идентификатор записи (NLR Aleph) 007172203
100 ## - ДАННЫЕ ОБЩЕЙ ОБРАБОТКИ
Данные общей обработки 20111001d1948 u y0rusy50 ca
101 0# - ЯЗЫК РЕСУРСА
Язык текста, звукозаписи и т.д. русский
102 ## - СТРАНА ПУБЛИКАЦИИ ИЛИ ПРОИЗВОДСТВА
Страна публикации Российская Федерация
105 ## - ПОЛЕ КОДИРОВАННЫХ ДАННЫХ: ТЕКСТОВЫЕ МАТЕРИАЛЫ, МОНОГРАФИЧЕСКИЕ
Кодированные данные о монографическом текстовом документе a z |||||
200 1# - ЗАГЛАВИЕ И СВЕДЕНИЯ ОБ ОТВЕТСТВЕННОСТИ
Основное заглавие Наблюдения над температурой почвы, продолжительностью солнечного сияния и над осадками по самописцам-дождемерам
Первые сведения об ответственности [Авт.: А.А. Сапожников, И.И. Полканова, Е.Г. Попова, Г.Л. Гакен]
Последующие сведения об ответственности [При участии Е.И. Абрамовой]
210 ## - ПУБЛИКАЦИЯ, РАСПРОСТРАНЕНИЕ И ДР.
Место издания, распространения и т.д. [Ленинград]
Имя издателя, распространителя и т. д. изд-во и 2-я типолитогр. Гидрометеоиздата
Дата издания, распространения и т.д. 1948
215 ## - ФИЗИЧЕСКАЯ ХАРАКТЕРИСТИКА
Специфическое обозначение материала и объем 202 с.
Другие сведения о физической характеристике ил.
Размеры 23 см
320 ## - ПРИМЕЧАНИЯ О НАЛИЧИИ В ДОКУМЕНТЕ БИБЛИОГРАФИИ / УКАЗАТЕЛЯ
Текст примечания Библиогр.: с. 167-68 (21 назв.)
461 #0 - УРОВЕНЬ НАБОРА
Встроенное поле 001rc\3031276
-- 2001#$aРуководство по обработке метеорологических наблюдений и подготовке ежегодников$eЧ. 1-$fНКО СССР. Гл. упр. гидрометеорол. службы СССР. Гл. геофиз. обсерватория$vЧ. 2
Системный номер (АБИС) связанной записи 7357451
Место публикации Свердловск
Дата публикации 1945-1950
Первые сведения об ответственности НКО СССР. Гл. упр. гидрометеорол. службы СССР. Гл. геофиз. обсерватория
Имя издателя, распространителя и т.д. Гидрометеоиздат
Сведения, относящиеся к заглавию Ч. 1-
Заглавие Руководство по обработке метеорологических наблюдений и подготовке ежегодников
Номер тома Ч. 2
700 #1 - ИМЯ ЛИЦА - ПЕРВИЧНАЯ ОТВЕТСТВЕННОСТЬ
Начальный элемент ввода Сапожников
Часть имени, кроме начального элемента ввода А.А.
701 #1 - ИМЯ ЛИЦА - АЛЬТЕРНАТИВНАЯ ОТВЕТСТВЕННОСТЬ
Начальный элемент ввода Полканова
Часть имени, кроме начального элемента ввода И.И.
701 #1 - ИМЯ ЛИЦА - АЛЬТЕРНАТИВНАЯ ОТВЕТСТВЕННОСТЬ
Начальный элемент ввода Попова
Часть имени, кроме начального элемента ввода Е.Г.
701 #1 - ИМЯ ЛИЦА - АЛЬТЕРНАТИВНАЯ ОТВЕТСТВЕННОСТЬ
Начальный элемент ввода Гакен
Часть имени, кроме начального элемента ввода Г.Л.
701 #1 - ИМЯ ЛИЦА - АЛЬТЕРНАТИВНАЯ ОТВЕТСТВЕННОСТЬ
Начальный элемент ввода Абрамова
Часть имени, кроме начального элемента ввода Е.И.
801 #0 - ИСТОЧНИК ЗАПИСИ
Страна Российская Федерация
Организация NLR
Правила каталогизации psbo
801 #1 - ИСТОЧНИК ЗАПИСИ
Страна Российская Федерация
Организация ELAR
Источник данных rusmarc
852 ## - МЕСТОНАХОЖДЕНИЕ И ШИФР ХРАНЕНИЯ
Идентификатор организации NLR
Шифр хранения (Call Number) Гн10 Г-7/17
942 ## - ДОПОЛНИТЕЛЬНЫЕ ЭЛЕМЕНТЫ ЗАПИСИ (АБИС)
Тип экземпляра АБИС Неопределено
980 ## - КОЛЛЕКЦИЯ
Название коллекции Национальная библиография

Нет доступных экземпляров.